000 00992cab a2200301 4500
001 WB2701-57
008 090401t1991 xxu||||| |||| 00| 0 eng d
035 _a(Sirsi) u65235
041 _aeng
245 _aAgency crisis benefits first-time buyers
260 _c1991
350 _a0
490 _aGuardian
_v3 January 1991, 3(1)
520 _aAccording to a joint study carried out by Cardiff, Bristol and Hull universities and presented at the conference of the British Institute of Geographers , first-time buyers have benefited from the dramatic changes in the estate agency business.
650 _aACQUISITIONS
650 _aBRISTOL UNIVERSITY
650 _aCARDIFF UNIVERSITY
650 _aCONVEYANCING
650 _aFINANCIAL INSTITUTIONS
650 _aHOUSE PURCHASE
650 _aHOUSING
650 _aMARKET
650 _aRECESSION
650 _aSLUMP
690 _aMANAGEMENT-BUSINESS MANAGEMENT-PROFESSIONAL PRACTICE
942 _n0
948 _c04/03/1997
999 _c40676
_d40676